| 000 | 00000nas 2200000za 4500 |
| 001 | 9.818248 |
| 003 | CaOODSP |
| 005 | 20221107142654 |
| 007 | cr ||||||||||| |
| 008 | 160525d19381944oncgr p oss f000#b0fre|d |
| 022 | |y0837-9556 |
| 040 | |aCaOODSP|bfre |
| 043 | |an-cn--- |
| 086 | 1 |aCS81-402F-PDF |
| 245 | 00|aÉducation supérieure au Canada |h[ressource électronique]. |
| 260 | |aOttawa : |bBureau fédéral de la statistique, Branche de la statistique de l'éducation, |c1940-1947. |
| 310 | |aBiennal |
| 362 | 0 |a1936/38-1942/44. |
| 500 | |aPubli. aussi en anglais sous le titre : Higher education in Canada. |
| 500 | |aÉdition numérisée de l’imprimé [par Statistique Canada]. |
| 550 | |aPublié 1942/44 par la Branche de l'éducation. |
| 580 | |aFait suite après scission à: Aperçu annuel sur l'éducation au Canada. |
| 692 | 07|2gccst|aEnseignement postsecondaire |
| 710 | 1 |aCanada.|bBureau fédéral de la statistique.|bBranche de l'éducation. |
| 775 | 08|tHigher education in Canada |w(CaOODSP)9.818244 |
| 785 | 00|tEnseignement supérieur au Canada |w(CaOODSP)9.818249 |